MS WORD 6. Kompendium. 1. Základní průvodce uživatele. 2. Příručka pro pokročilé. 3.Profesionální práce s dokumentyx. 4 .Integrované prostředí a Word Basic /

Salvato in:
Dettagli Bibliografici
Autore principale: Camarda, Bill (Autore)
Natura: Libro
Lingua:ceco
Pubblicazione: Brno : BEN - technická literatura, 1995
Tags: Aggiungi Tag
Nessun Tag, puoi essere il primo ad aggiungerne!!

MARC

LEADER 00000nam a22000003a 4500
001 stu32663
005 20150617225733.0
008 951211s1995----cs------------------cze-d
040 |a STU  |b slo 
041 0 |a cze 
044 |a cs 
080 |a 681.3.066 WORD 6 
100 1 |a Camarda, Bill  |4 aut 
245 1 |a MS WORD 6. Kompendium. 1. Základní průvodce uživatele. 2. Příručka pro pokročilé. 3.Profesionální práce s dokumentyx. 4 .Integrované prostředí a Word Basic /  |c [aut.] Camarda,Bill 
260 |a Brno :  |b BEN - technická literatura,  |c 1995 
300 |a 340,300,344,311 s 
996 |b J92018  |c J*92018  |l JJSK  |s A  |a 24  |w stu32663_0004 
996 |b J92019  |c J*92019  |l JJSK  |s A  |a 24  |w stu32663_0005 
996 |b J92020  |c J*92020  |l JJSK  |s A  |a 24  |w stu32663_0006 
996 |b J92021  |c J*92021  |l JJSK  |s A  |a 24  |w stu32663_0007